Délmagyarország. - 1916. november 11., Szombat

Elmentve itt :
Bibliográfiai részletek
Dokumentumtípus: Újság
Megjelent: 1916-11-11
Sorozat:Délmagyarország 5 No. 265
Online Access:http://dmarchiv.bibl.u-szeged.hu/2299
LEADER 00487nas a2200145 i 4500
001 delm2299
005 20200414150220.0
008 171213s1916 hu n o 0|| hun d
022 |a 0133-025X 
040 |a SZTE Délmagyarország Archívum  |b hun 
041 |a hun 
245 0 0 |a Délmagyarország. - 1916. november 11., Szombat  |h [elektronikus dokumentum] 
260 |c 1916-11-11 
490 0 |a Délmagyarország  |v 5 No. 265 
856 4 0 |u http://dmarchiv.bibl.u-szeged.hu/2299/1/dm_1916_265.pdf  |z Dokumentum-elérés